Gaming Quiz

Random Gaming or Pokémon Quiz

Video Game Countdown Quiz Stats

 Plays Quiz Updated May 15, 2018

Score 0/36 Timer 05:00
9 Plays Today
% Correct
Liberty City
94.3%
Inky
94.3%
Chinatown
94.3%
Boris Grishenko
94.2%
Blinky
94.2%
San Andreas
94.1%
Pinky
94.1%
Luigi
93.9%
Vice City
93.8%
Alec Trevelyan
93.3%
Sonic
93.2%
Mario
93.1%
Espeon
92.8%
Exhaustion
92.7%
James Bond
92.7%
General Ourumov
92.6%
Flareon
92.5%
Leafeon
92.4%
% Correct
Snakebite
92.3%
Measles
92.2%
Defence Minister Mishkin
92.1%
Natalya Simonova
92%
Cholera
91.9%
Valentin Zukovsky
91.8%
Glaceon
91.6%
Jolteon
91.5%
Dysentery
91.3%
Typhoid
91.1%
Umbreon
90.9%
Vaporeon
90.9%
London
90.7%
Xenia Onatopp
89.2%
Link
89.1%
Clyde
88.9%
Tails
88.3%
Knuckles
86.3%

You're not logged in!

Compare scores with friends on all Sporcle quizzes.
OR
Log In

Sporcle TV

Today on Sporcle TV


Watch our educational content, quiz creation guides, and fun videos on Sporcle TV.

Show Comments

Extras

Top Quizzes Today


Score Distribution

Your Account Isn't Verified!

In order to create a playlist on Sporcle, you need to verify the email address you used during registration. Go to your Sporcle Settings to finish the process.

Report this User

Report this user for behavior that violates our Community Guidelines.

Details: